Normální dítě /
Příběh, ve kterém se autorka věnuje psychickým potížím, vymezení sebe sama a pocitu bezpečí.
Uloženo v:
| Hlavní autor: | |
|---|---|
| Médium: | Kniha |
| Jazyk: | Czech |
| Vydáno: |
V Praze :
Paseka,
2026
|
| Vydání: | Vydání první |
| Témata: | |
| Celkem bylo vypůjčeno: | 0x |
| Tagy: |
Žádné tagy |
| LEADER | 02230nam a2200445 i 4500 | ||
|---|---|---|---|
| 001 | 106210 | ||
| 003 | CZ PrNK | ||
| 005 | 20260428151946.0 | ||
| 007 | ta | ||
| 008 | 260410s2026 xr c 000 f cze | ||
| 015 | |a cnb003750724 | ||
| 020 | |a 9788076376465 |q (brožováno) | ||
| 040 | |a ABG001 |b cze |e rda | ||
| 072 | 7 | |a 821.162.3-3 |x Česká próza |2 Konspekt |9 25 | |
| 072 | 7 | |a 821-93 |x Literatura pro děti a mládež (beletrie) |2 Konspekt |9 26 | |
| 080 | |a 821.162.3-32 |2 MRF | ||
| 080 | |a 159.942 |2 MRF | ||
| 080 | |a 821-93 |2 MRF | ||
| 080 | |a (0:82-32) |2 MRF | ||
| 100 | 1 | |a Kopecká, Tereza, |d 1984- |7 jo20201096825 |4 aut |9 113741 | |
| 245 | 1 | 0 | |a Normální dítě / |c Tereza Kopecká |
| 250 | |a Vydání první | ||
| 264 | 1 | |a V Praze : |b Paseka, |c 2026 | |
| 300 | |a 141 stran ; |c 20 cm | ||
| 336 | |a text |b txt |2 rdacontent | ||
| 337 | |a bez média |b n |2 rdamedia | ||
| 338 | |a svazek |b nc |2 rdacarrier | ||
| 520 | 2 | |a Příběh, ve kterém se autorka věnuje psychickým potížím, vymezení sebe sama a pocitu bezpečí. |b Čtrnáctiletá Anežka se zničehonic přestěhuje z Plzně kamsi na samotu. Má úzkostnou poruchu a rodiče, především maminka, chtějí, aby z ní bylo normální dítě. K tomu má přispět klidné prostředí, domácí marmelády, pravidelný režim i pití kozího mléka. Jenže co když se úzkost pořád vrací a Anežce doslova podlamuje nohy i přes to, že všechna pravidla dodržuje? Co její strachy spouští? A proč mizí zrovna v blízkosti Viléma, toho nejneposednějšího, nejméně organizovaného člověka, kterého kdy Anežka poznala? Nakladatelská anotace. Kráceno. | |
| 521 | 8 | |a Pro čtenáře a čtenářky od 11 let | |
| 650 | 0 | 7 | |a úzkost |7 ph128368 |2 czenas |9 2636 |
| 650 | 0 | 9 | |a anxiety |2 eczenas |
| 655 | 7 | |a české příběhy |7 fd133973 |2 czenas |9 54030 | |
| 655 | 7 | |a publikace pro děti |7 fd133156 |2 czenas |9 23 | |
| 655 | 9 | |a Czech stories |2 eczenas | |
| 655 | 9 | |a children's literature |2 eczenas | |
| 710 | 2 | |a Nakladatelství Paseka |7 kn20080729011 |4 pbl |9 117226 | |
| 910 | |a UOG502 | ||
| 942 | |2 ddc |c KN | ||
| 999 | |d 106210 | ||
| 993 | |0 0 |1 421180106936 |2 ddc |4 0 |6 M_I |7 0 |9 99553 |b 0 |c 106936 |d 2026-04-28 |e 0 |f M |g M/I |h 349.00 |i Koupě |l DOSP |r 2026-04-28 |t 8 |w 2026-04-28 |y KN |z BELET |n | ||